[Event "Chigorin Mem"]
[Site "St Petersburg RUS"]
[Date "2000.11.09"]
[Round "8"]
[White "Zhelnin,V"]
[Black "Dobrov,V"]
[Result "1/2-1/2"]
[WhiteElo "2462"]
[BlackElo "2339"]

1.e4 c5 2.Nc3 Nc6 3.Bb5 g6 4.Nf3 Bg7 5.O-O e5 6.Bxc6 dxc6 7.d3 Qe7 8.a4 a5
9.Nd2 Be6 10.b3 Nf6 11.Nc4 Nd7 12.Be3 O-O 13.Qd2 Rfd8 14.Rab1 Ra6 15.Bg5 f6
16.Be3 Rb8 17.Ne2 b5 18.axb5 cxb5 19.Nxa5 Qd8 20.b4 cxb4 21.Nb3 Rc8 22.d4 Ra2
23.Rfc1 Bc4 24.Ng3 Bf8 25.Qd1 Nb6 26.Ra1 Rxa1 27.Rxa1 Na4 28.Qg4 Bf7 29.dxe5 fxe5
30.Bg5 Qe8 31.Rc1 Be6 32.Qd1 Qc6 33.Qe1 Nc3 34.Ra1 Na4 35.Rc1 Bc4 36.Bd2 Be6
37.f3 Nc5 38.Nf1 Nxb3 39.cxb3 Bc5+ 40.Kh1 Qd6 41.Ne3 Rd8 42.Nd5 Bxd5 43.exd5 Qxd5
44.Bxb4 Bxb4 45.Qxb4 Qd1+ 46.Qe1 Qxb3 47.h3 Qd5 48.Qb4 Qd2 49.Qc5 Qg5 50.Rg1 Rb8
51.Re1 b4 52.Rxe5 Qf6 53.Qc7 Rf8 54.Qc4+ Kh8 55.Qxb4 Rd8 56.Qe4 Rd1+ 57.Kh2 Rd7
58.h4 Rf7 59.Kh3 Kg7 60.h5 g5 61.Kg4 h6 62.g3 Rd7 63.Kh3 Rf7 64.Kg2 Kf8 65.Re6 Qd8
66.Qg6 Qd2+ 67.Kh3 g4+ 68.Kxg4 Rf4+ 69.Kh3 Rh4+ 70.Kxh4 Qh2+ 71.Kg4 Qxg3+
72.Kf5 Qf4+ 73.Kxf4  1/2-1/2

[Event "34th Olympiad"]
[Site "Istanbul TUR"]
[Date "2000.11.10"]
[Round "13"]
[White "Mallahi,A"]
[Black "Cruz,F"]
[Result "1/2-1/2"]
[WhiteElo "2389"]
[BlackElo "2360"]

1.e4 c5 2.Nf3 Nc6 3.Nc3 g6 4.d4 cxd4 5.Nxd4 Bg7 6.Nde2 Nf6 7.g3 O-O 8.Bg2 b6
9.O-O Bb7 10.h3 d6 11.Nd5 Nd7 12.c3 Rc8 13.Be3 e6 14.Ndf4 Qe7 15.Re1 Rfd8
16.Nd4 Nde5 17.Nxc6 Bxc6 18.Bd4 Qb7 19.Qb3 Bh6 20.Qd1 b5 21.Nd3 a5 22.Qe2 Nxd3
23.Qxd3 e5 24.Be3 Bxe3 25.Qxe3 d5 26.exd5 Bxd5 27.Bxd5 Rxd5 28.Qf3 Rc7 29.a4 Kg7
30.Kg2 f5 31.axb5 Rxb5 32.Qxb7 Rcxb7 33.Re2 Kf6 34.Ra2 Rd7 35.Rc2 e4 36.Kf1 Ke5
37.Ke2 g5 38.Rd2 Rxd2+ 39.Kxd2 f4 40.c4 Rb3 41.Rxa5+ Kd4 42.Rd5+ Kxc4 43.Rxg5 Rxb2+
44.Ke1 Rb1+ 45.Kd2 Rb2+ 46.Ke1 Rb1+ 47.Ke2 Rb2+ 48.Ke1  1/2-1/2

[Event "34th Olympiad"]
[Site "Istanbul TUR"]
[Date "2000.11.10"]
[Round "13"]
[White "Zeidler,S"]
[Black "Ferrufino,B"]
[Result "1-0"]
[WhiteElo "2255"]
[BlackElo "2146"]

1.e4 c5 2.Nc3 Nc6 3.Bb5 e6 4.Bxc6 bxc6 5.f4 d5 6.d3 Be7 7.Nf3 Nf6 8.O-O O-O
9.e5 Nd7 10.b3 Nb6 11.Qe2 c4 12.dxc4 dxc4 13.Qe4 Nd5 14.Na4 cxb3 15.axb3 Bb7
16.Ng5 g6 17.h4 Nb6 18.Be3 Nxa4 19.Rxa4 Qc7 20.h5 c5 21.Qc4 Qc6 22.Rf3 Rfd8
23.hxg6 Rd1+ 24.Kf2 hxg6 25.f5 Qd5 26.fxg6 fxg6 27.Qh4 Rd2+ 28.Ke1 Bxg5 29.Qxg5 Rd1+
30.Ke2 Rh1 31.Qxg6+ Kh8 32.Qf6+  1-0

[Event "Chigorin Mem"]
[Site "St Petersburg RUS"]
[Date "2000.11.10"]
[Round "9"]
[White "Stambulian,A"]
[Black "Kotov,Vi"]
[Result "1/2-1/2"]
[WhiteElo "2402"]
[BlackElo "2099"]

1.e4 c5 2.Nf3 Nc6 3.Nc3 Nf6 4.d4 cxd4 5.Nxd4 d6 6.Bg5 e6 7.Qd2 a6 8.O-O-O Bd7
9.f4 b5 10.Qe1 Nxd4 11.Rxd4 h6 12.Bh4 Qc7 13.e5 dxe5 14.fxe5 Bc5 15.exf6 Bxd4
16.Qe4 Qa7 17.fxg7 Bxg7 18.Nd5 f5 19.Qb4 Bc6 20.Nb6 Rb8 21.Be2 h5 22.Qd6 Kf7
23.Re1 Be4 24.Nd7 Rbe8 25.Bd3 Bxd3 26.Qxd3 Qd4 27.Qxd4 Bxd4 28.c3 Rc8 29.Rd1 Bg7
30.Kb1 Rc6 31.Bg3 Re8 32.Nb8 Rb6 33.Nd7 Rb7 34.Rd6 a5 35.Nc5 Ra7 36.Rb6 e5
37.Rxb5 e4 38.Nb7 Kg6 39.Nd6 Rf8 40.Bf4 a4 41.Kc2 Bh6 42.Bxh6 Kxh6 43.Nxf5+ Kg6
44.Nh4+ Kh6 45.Nf5+ Kg6  1/2-1/2

[Event "Czech Extra League 2000-1"]
[Site "CZE"]
[Date "2000.11.18"]
[Round "1"]
[White "Pacovsky,J"]
[Black "Stratil,P"]
[Result "0-1"]
[WhiteElo "2337"]
[BlackElo "2250"]

1.e4 c5 2.Nf3 Nc6 3.Nc3 d6 4.d4 cxd4 5.Nxd4 Nf6 6.Bg5 e6 7.Qd2 Be7 8.O-O-O O-O
9.f3 Nxd4 10.Qxd4 Qa5 11.Bd2 e5 12.Qf2 Bd8 13.Bc4 Qc7 14.Bb3 a6 15.g4 Be6
16.Be3 Nd7 17.Rd2 Nc5 18.Rhd1 Nxb3+ 19.axb3 Be7 20.Bb6 Qc6 21.Kb1 a5 22.Nd5 Bxd5
23.Rxd5 Ra6 24.Bxa5 Rfa8 25.b4 b6 26.c4 Qa4 27.c5 dxc5 28.Qe2 bxa5 29.b5 Re6
30.Rd7 c4 31.b6 Rxb6 32.Rxe7 c3 33.Red7 h6 34.Rd8+ Rxd8 35.Rxd8+ Kh7  0-1

[Event "Scaccomatto"]
[Site "Torino ITA"]
[Date "2000.11.18"]
[Round "1"]
[White "Paragua,M"]
[Black "Antoniacci,R"]
[Result "1-0"]
[WhiteElo "2423"]
[BlackElo "2065"]

1.e4 c5 2.Nf3 Nc6 3.Nc3 g6 4.Bc4 Bg7 5.O-O e6 6.d4 cxd4 7.Nb5 d6 8.Nfxd4 Nxd4
9.Nxd4 a6 10.Nf3 Qc7 11.Bb3 Nf6 12.Re1 O-O 13.Bf4 Rd8 14.Qd3 b5 15.Rad1 Bb7
16.h3 Qb6 17.Be3 Qc6 18.Bg5 h6 19.Nd4 Qc5 20.Bc1 d5 21.e5 Ne4 22.f3 Bxe5
23.Be3 Qc7 24.fxe4 dxe4 25.Qe2 Bh2+ 26.Kh1 e5 27.Ne6  1-0

[Event "Czech Extra League 2000-1"]
[Site "CZE"]
[Date "2000.11.19"]
[Round "2"]
[White "Berezjuk,S"]
[Black "Pacovsky,J"]
[Result "1/2-1/2"]
[WhiteElo "2343"]
[BlackElo "2337"]

1.e4 c5 2.Nf3 Nc6 3.Nc3 g6 4.d4 cxd4 5.Nxd4 Bg7 6.Be3 Nf6 7.Bc4 O-O 8.f3 Qa5
9.Qd2 d5 10.exd5 Nb4 11.Bb3 Nbxd5 12.Nxd5 Qxd2+ 13.Kxd2 Nxd5 14.Bxd5 Rd8
15.c4 e6 16.Nb5 exd5 17.Nc7 dxc4+ 18.Ke2 Bf5 19.Nxa8 Rxa8 20.Rad1 Bxb2 21.Rd5 a6
22.Bd4 Bxd4 23.Rxd4 b5 24.Kd2 a5 25.a4 Rb8 26.axb5 Rxb5 27.Rxc4 Rb2+ 28.Ke3 Rxg2
29.Ra4 Kg7 30.Rxa5 Rb2 31.Kf4 Kf6 32.h4 h5 33.Ra4 Rb3 34.Rc1 Be6 35.Rc5 Rd3
36.Ke4 Rd1 37.Ke3 Rb1 38.Rf4+ Bf5 39.Rc6+ Ke5 40.Rfc4 Be6 41.Re4+ Kf6 42.Rf4+ Ke5
43.Rc5+ Kd6 44.Ra5 Rb3+ 45.Kf2 Rb2+ 46.Kg3 Rb3 47.Ra7 Ke5 48.Re7 Kd6 49.Re8 Kd7
50.Rg8 Ke7 51.Ra8 Rc3 52.Rb8 Ra3 53.Rb6 Rc3 54.Kf2 Ra3 55.Ke2 Ra2+ 56.Ke3 Ra3+
57.Kf2 Ra2+ 58.Kg3 Ra3 59.Rb7+ Kd6 60.Rb8 Ke7 61.Rb7+ Kd6 62.Rb2 Kc5 63.Re2 Kd6
64.Rf6 Ke7 65.Rexe6+ fxe6 66.Rxg6 e5 67.Rg5 Kf6 68.Kf2 Ra2+ 69.Kf1 Ra1+ 70.Kf2 Ra2+
71.Kg3 Ra3 72.Kf2  1/2-1/2

[Event "Tch-AUT 2000-01"]
[Site "Gleisdorf AUT"]
[Date "2000.11.19"]
[Round "5"]
[White "Atlas,V"]
[Black "Nataf,IA"]
[Result "1/2-1/2"]
[WhiteElo "2472"]
[BlackElo "2552"]

1.e4 c5 2.Nc3 Nc6 3.Nf3 e5 4.Bc4 Be7 5.d3 d6 6.O-O Nf6 7.Ng5 O-O 8.f4 h6
9.Nh3 exf4 10.Bxf4 Ne5 11.Bxe5 dxe5 12.Nd5 Be6 13.Nxf6+ Bxf6 14.Bxe6 Qd4+
15.Kh1 fxe6 16.c3 Qd6 17.Qe2 Rad8 18.Rf3 Be7 19.Rxf8+ Bxf8 20.Nf2 c4 21.Rd1 Qb6
22.h3 Bc5 23.dxc4 Bxf2 24.Rxd8+ Qxd8 25.Qxf2 Qd1+ 26.Kh2 Qb1 27.Qe2 Qxa2
28.c5 Qb3 29.Kg3 Kh7 30.Kf3 a5 31.Kf2 a4 32.Kf3 Qa2 33.Qb5 Qb1 34.Qe2 Qg1
35.Qf2 Qc1 36.g3 Qh1+ 37.Qg2 Qd1+ 38.Qe2 Qc1 39.h4 Qh1+ 40.Qg2 Qd1+ 41.Qe2 Qh1+
42.Qg2 Qd1+ 43.Qe2  1/2-1/2

[Event "Autumn Cup GM"]
[Site "Bucharest ROM"]
[Date "2000.11.22"]
[Round "3"]
[White "Sebe,R"]
[Black "Parligras,M"]
[Result "0-1"]
[WhiteElo "2303"]
[BlackElo "2441"]

1.e4 c5 2.Nc3 Nc6 3.Nf3 g6 4.d4 cxd4 5.Nxd4 Bg7 6.Be3 Nf6 7.Bc4 O-O 8.f3 Qb6
9.Bb3 Nxe4 10.Nd5 Qa5+ 11.c3 Bxd4 12.Bxd4 Nc5 13.Bc4 Ne6 14.Be3 d6 15.h4 Ng7
16.h5 Be6 17.Bh6 Qc5 18.Bb3 Bxd5 19.Bxd5 Nxh5 20.Qd2 Ng3 21.Be3 Qb5 22.O-O-O Qe2
23.Qxe2 Nxe2+ 24.Kd2 Ng3 25.Rh3 Nh5 26.Rdh1 Nf6 27.Bb3 h5 28.Bg5 Kg7 29.g4 Rh8
30.Bxf6+ Kxf6 31.gxh5 Rxh5 32.Rxh5 gxh5 33.Rxh5 Rg8 34.Rh2 Ne5 35.Ke2 e6
36.Kf2 Nd3+ 37.Ke3 Nc5 38.Bc2 Rg1 39.b4 Nd7 40.a4 Ne5 41.a5 Rc1 42.Rf2 Ra1
43.Rh2 Ra3  0-1

[Event "VI Open"]
[Site "Lisbon POR"]
[Date "2000.11.25"]
[Round "8"]
[White "Rocha,S"]
[Black "Ikonnikov,V"]
[Result "1/2-1/2"]
[WhiteElo "2374"]
[BlackElo "2548"]

1.e4 c5 2.Nf3 Nc6 3.Nc3 e5 4.Bc4 d6 5.d3 Be7 6.a4 Nf6 7.Bg5 Ng4 8.Bd2 Nf6
9.Bg5 Ng4 10.Bd2 Nf6 11.Bg5  1/2-1/2

[Event "Scaccomatto"]
[Site "Torino ITA"]
[Date "2000.11.26"]
[Round "9"]
[White "Saccona,S"]
[Black "Malano,F"]
[Result "1/2-1/2"]
[WhiteElo "2113"]
[BlackElo "2028"]

1.e4 c5 2.Nf3 Nc6 3.Nc3 g6 4.d3 Bg7 5.g3 d6 6.Bg2 e6 7.O-O Nge7 8.Be3 Nd4
9.Qd2 O-O 10.Bh6 Nec6 11.Bxg7 Nxf3+ 12.Bxf3 Kxg7 13.Ne2 Qf6 14.Bg2 Qxb2 15.Rfb1 Qf6
16.c3 Rb8 17.f4 e5 18.a4 b6 19.h3 h5 20.Rf1 Qe7 21.d4 f6 22.Qd3 Na5 23.Kh2 Be6
24.d5 Bd7 25.Ng1 Qe8 26.Qd1 c4 27.Ra2 Nb3 28.fxe5 Qxe5 29.Qe1 Qe8 30.Ne2 Bxa4
31.Nf4 Nc5 32.Qe2 a6 33.Bf3 Qe5 34.Rxa4 Nxa4 35.Ne6+ Kg8 36.Qxc4 Nc5 37.Nxf8 Rxf8
38.h4 Kg7 39.Bg2 b5 40.Qb4 Re8 41.Ra1 Re7 42.Ra2 Na4 43.c4 Nc3 44.Rf2 a5
45.Qxa5 bxc4 46.Qd8 Na4 47.Ra2 Nc5 48.Ra8 Re8 49.Qxe8 Qxe8 50.Rxe8 c3 51.Re7+ Kf8
52.Ra7 c2 53.Ra1 Nb3 54.Rf1 Ke7 55.Kh3 c1=Q 56.Rxc1 Nxc1 57.g4 hxg4+ 58.Kxg4 Nd3
59.Bf1 Ne5+ 60.Kf4 Kf7 61.Be2 Kg7 62.h5 Kh6 63.hxg6 Kxg6 64.Bb5 Kf7 65.Kf5 Ke7
66.Be2 Nd7  1/2-1/2

[Event "Autumn Cup GM"]
[Site "Bucharest ROM"]
[Date "2000.11.27"]
[Round "7"]
[White "Sebe,R"]
[Black "Vukovic,Zd"]
[Result "0-1"]
[WhiteElo "2303"]
[BlackElo "2471"]

1.e4 c5 2.Nc3 Nc6 3.Nf3 d6 4.d4 cxd4 5.Nxd4 Nf6 6.Be2 e5 7.Nf3 h6 8.h3 Be6
9.O-O Be7 10.Re1 O-O 11.Bf1 Nb8 12.b3 Nbd7 13.a4 Rc8 14.Bb2 Re8 15.a5 a6
16.Nd2 Nb8 17.Bc4 Nc6 18.Bxe6 fxe6 19.Nc4 Qc7 20.Na4 Rcd8 21.Nab6 d5 22.exd5 exd5
23.Nxe5 Bb4 24.c3 Bxa5 25.Nxc6 Rxe1+ 26.Qxe1 Qxc6 27.Rxa5 Qxb6 28.b4 Re8
29.Qd1 Qe6 30.Qd4 Qe1+ 31.Kh2 Re2 32.Ba1 Rxf2 33.Rxd5 Rf1 34.Rd8+ Kh7 35.Qd3+ Ne4  0-1

[Event "Mitropa Team Cup"]
[Site "Charleville FRA"]
[Date "2000.11.27"]
[Round "3"]
[White "Fressinet,L"]
[Black "Acs,P"]
[Result "1-0"]
[WhiteElo "2536"]
[BlackElo "2497"]

1.e4 c5 2.Nc3 Nc6 3.Nf3 d6 4.d4 cxd4 5.Nxd4 Nf6 6.Bg5 e6 7.Qd2 a6 8.O-O-O Bd7
9.f4 b5 10.Bxf6 gxf6 11.Kb1 Qb6 12.Nxc6 Bxc6 13.Qe1 Qc5 14.Bd3 Bd7 15.Rf1 b4
16.Ne2 a5 17.f5 e5 18.b3 h5 19.Qh4 Ke7 20.Bc4 Bc6 21.Rd3 Rh7 22.Rfd1 Rd8
23.Ng3 Qf2 24.R3d2 Qf4 25.Qxf4 exf4 26.Ne2 Bh6 27.Nd4 Ba8 28.Re2 Rg7 29.Bd5 f3
30.Nxf3 Bf4 31.g3 Be5 32.Bxa8 Rxa8 33.Rd5 Bc3 34.Re3 a4 35.Nd4 h4 36.Ne2 Be5
37.Rb5 hxg3 38.Rb7+ Kf8 39.Nxg3 Rh7 40.Nf1 axb3 41.cxb3 Bd4 42.Rd3 Bc5 43.h3 Rh4
44.Nd2 Rf4 45.Rf3 Rxf3 46.Nxf3 Re8 47.Nd2 Kg7 48.Rd7 Re5 49.Kc2 Re8 50.Nc4 Rxe4
51.Nxd6 Bxd6 52.Rxd6 Rf4 53.Rb6 Rf2+ 54.Kd3 Rxa2 55.Rxb4 Rf2 56.Rb5 Rf4 57.Rd5 Rh4
58.Kc3 Rxh3+ 59.Kc4 Rh1 60.b4 Kh6 61.b5 Rb1 62.Kc5 Kg5 63.b6 Kf4 64.Kc6 Ke4
65.Rb5  1-0

[Event "FIDE WCh Women KO"]
[Site "New Delhi IND"]
[Date "2000.11.28"]
[Round "1.2"]
[White "Bojkovic,N"]
[Black "Reizniece,D"]
[Result "1-0"]
[WhiteElo "2420"]
[BlackElo "2275"]

1.e4 c5 2.Nc3 Nc6 3.Bb5 Nd4 4.Bc4 d6 5.Nge2 Nf6 6.d3 e6 7.Nxd4 cxd4 8.Ne2 Qb6
9.Bb3 Be7 10.O-O O-O 11.c3 dxc3 12.Nxc3 Bd7 13.Be3 Qa5 14.d4 Rac8 15.Qd2 Kh8
16.f3 b5 17.e5 Ne8 18.f4 b4 19.Ne4 f5 20.exd6 Bxd6 21.Nc5 Bxc5 22.dxc5 Nf6
23.a3 Rb8 24.Rac1 Rfd8 25.Rfd1 Bc6 26.Qe1 Qb5 27.a4 Qb7 28.Rxd8+ Rxd8 29.Rd1 Re8
30.Qd2 e5 31.fxe5 Rxe5 32.Bd4 Ne4 33.Qf4 Re8 34.Qxf5 Qe7 35.Rf1 h6 36.Qg6 Nf6
37.Rxf6 Qd7 38.Qxe8+  1-0

[Event "Mitropa Team Cup"]
[Site "Charleville FRA"]
[Date "2000.11.29"]
[Round "5"]
[White "Belotti,B"]
[Black "Cvek,R"]
[Result "1/2-1/2"]
[WhiteElo "2417"]
[BlackElo "2408"]

1.e4 c5 2.Nc3 Nc6 3.Bb5 g6 4.Bxc6 dxc6 5.f4 Bg7 6.Nf3 Nf6 7.O-O O-O 8.d3 Bg4
9.Kh1 e5 10.f5 gxf5 11.exf5 Nd5 12.Ne4 Bxf5 13.Nxc5 Qe7 14.Ne4 Bg6 15.g4 f5
16.gxf5 Rxf5 17.Ng3 Rf7 18.Ng5 Rxf1+ 19.Qxf1 Rf8 20.Qe2 h6 21.N5e4 Qh4 22.Be3 Nf4
23.Qd2 Qg4 24.Qd1 Qh3 25.Qf1 Qg4 26.Qd1 Qh3 27.Qf1 Qg4  1/2-1/2

[Event "FIDE WCh Women KO"]
[Site "New Delhi IND"]
[Date "2000.12.01"]
[Round "2.2"]
[White "Bojkovic,N"]
[Black "Galliamova,A"]
[Result "1-0"]
[WhiteElo "2420"]
[BlackElo "2526"]

1.e4 c5 2.Nc3 Nc6 3.Bb5 g6 4.Bxc6 bxc6 5.f4 Bg7 6.d3 Qb6 7.Nge2 d6 8.O-O c4+
9.d4 Nf6 10.h3 O-O 11.Be3 Qxb2 12.Qd2 Qa3 13.f5 c5 14.d5 Nxe4 15.Nxe4 Bxa1
16.fxg6 fxg6 17.Rxa1 Bf5 18.N2c3 Bxe4 19.Nxe4 Qb4 20.Nc3 Qb7 21.Re1 Rf7 22.Bh6 Qd7
23.Re6 Rf6 24.Qe2 Re8 25.Qg4 Kh8 26.Ne4 Rf5 27.Nc3 a5 28.Kh2 Rg8 29.Qe4 Rf7
30.Ne2 g5 31.Qe3 Rg6 32.Bxg5 Rfg7 33.h4 Rxe6 34.dxe6 Qe8 35.Nf4 Qa8 36.Kh3 Qf8
37.Qe4 Qg8 38.Nh5 Rg6 39.Nf4 Rg7 40.Qf5 Qe8 41.Bh6 Rg8 42.Qf7 Qa4 43.Nh5 Qa3+
44.g3  1-0

[Event "Belgian Interteams 2000-1"]
[Site "BEL"]
[Date "2000.12.03"]
[Round "4"]
[White "Motwani,P"]
[Black "Van Beers,E"]
[Result "1-0"]
[WhiteElo "2464"]
[BlackElo "2346"]

1.e4 c5 2.Nc3 Nc6 3.Bb5 Nd4 4.Nf3 Nxb5 5.Nxb5 d6 6.d4 Bg4 7.dxc5 Qa5+ 8.Nc3 Qxc5
9.Be3 Qc6 10.Qd3 Bxf3 11.gxf3 Nf6 12.O-O-O Nd7 13.f4 a6 14.Rhg1 Rc8 15.Bd4 Nc5
16.Qe2 Na4 17.Nd5 e6 18.Bxg7 Bxg7 19.Rxg7 Qc5 20.Nf6+ Ke7 21.e5 d5 22.Rdg1 h5
23.Qd3 Rhf8 24.Kb1 Qxf2 25.Qa3+ Nc5 26.Qg3 Qd2 27.Qh4  1-0

[Event "Open"]
[Site "Padova ITA"]
[Date "2000.12.03"]
[Round "2"]
[White "Genocchio,D"]
[Black "Rossi,C"]
[Result "1-0"]
[WhiteElo "2201"]
[BlackElo "2436"]

1.e4 c5 2.Nf3 Nc6 3.Nc3 g6 4.d4 Bg7 5.d5 Nd4 6.Bd3 d6 7.Nd2 e6 8.O-O Nf6
9.a4 O-O 10.Nc4 b6 11.Bf4 Ne8 12.Qd2 a6 13.Rfe1 Bb7 14.a5 b5 15.Nb6 e5 16.Bg5 f6
17.Bh4 Rb8 18.Ne2 g5 19.Bg3 Nc7 20.Nc1 c4 21.Bf1 f5 22.f3 f4 23.Bf2 g4 24.fxg4 Qg5
25.c3 Nb3 26.Nxb3 cxb3 27.Be2 Rbd8 28.Rac1 Ne8 29.c4 Nf6 30.Bf3 bxc4 31.h4 Qg6
32.g5 Nh5 33.Rxc4 Ng3 34.Rc7 Rf7 35.Qc1 Rdf8 36.Bxg3 fxg3 37.Rf1 h6 38.Nd7 Rxd7
39.Rxd7 Bc8 40.h5 Qe8 41.Rxd6 Qe7 42.Rg6 Qa7+ 43.Kh1 Rf4 44.Qxc8+ Kh7 45.Rb6 Rh4+
46.Kg1 hxg5 47.Qf5+  1-0

[Event "Open"]
[Site "Zadar CRO"]
[Date "2000.12.11"]
[Round "3"]
[White "Kutuzovic,B"]
[Black "Ryznar,V"]
[Result "1-0"]
[WhiteElo "2427"]
[BlackElo "2156"]

1.e4 c5 2.Nc3 Nc6 3.Nge2 g6 4.d4 cxd4 5.Nxd4 Bg7 6.Be3 a6 7.Nd5 Rb8 8.Qd2 b5
9.O-O-O Bb7 10.Nb3 d6 11.f3 Ba8 12.h4 h5 13.Kb1 Nf6 14.Nxf6+ Bxf6 15.Bg5 Bg7
16.c3 a5 17.Nd4 b4 18.Nxc6 Bxc6 19.c4 Qc7 20.Bd3 a4 21.Rhe1 Bc3 22.Qe2 Bxe1
23.Rxe1 f6 24.Bc1 Kf7 25.f4 e5 26.g4 Qd7 27.g5 Qg4 28.Qf2 Qe6 29.f5 gxf5
30.exf5 Qd7 31.gxf6 Rbe8 32.Rg1 Reg8 33.Bg5 e4 34.Be2 a3 35.b3 e3 36.Qf4 Re8
37.Bh6 Be4+ 38.Kc1 Qxf5 39.Qxd6 Rh7 40.Rf1 Qe5 41.Bxh5+ Bg6 42.Bxg6+ Kxg6
43.f7+ Qxd6 44.fxe8=Q+ Kxh6 45.Qxe3+ Kg7 46.Qg5+ Qg6 47.Qe5+ Kg8 48.Qb8+ Kg7
49.Qf8+  1-0

[Event "TCh-YUG Women"]
[Site "Kragujevac YUG"]
[Date "2000.12.12"]
[Round "2"]
[White "Bojkovic,N"]
[Black "Gaponenko,I"]
[Result "1/2-1/2"]
[WhiteElo "2420"]
[BlackElo "2375"]

1.e4 c5 2.Nc3 Nc6 3.Bb5 Nd4 4.Bc4 g6 5.Nf3 d6 6.Nxd4 cxd4 7.Nb5 Nf6 8.Qe2 e5
9.c3 a6 10.Na3 Bg7 11.cxd4 exd4 12.d3 h6 13.O-O O-O 14.Bb3 a5 15.Bf4 a4 16.Bd5 Nxd5
17.exd5 Ra5 18.Qf3 g5 19.Bd2 Rc5  1/2-1/2

[Event "52nd ch-Montenegro"]
[Site "Tivat YUG"]
[Date "2000.12.12"]
[Round "5"]
[White "Batricevic,S"]
[Black "Popadic,D"]
[Result "1/2-1/2"]
[WhiteElo "2215"]
[BlackElo "2178"]

1.e4 c5 2.Nf3 Nc6 3.Nc3 Nf6 4.Bb5 a6 5.Bxc6 dxc6 6.h3 g6 7.O-O Bg7 8.d3 O-O
9.Be3 b6 10.Qd2 Re8 11.Bh6 Bh8 12.Ng5 Qc7 13.Ne2 Bg7 14.Bxg7 Kxg7 15.f4 Rf8
16.f5 Bd7 17.Qc3 Kg8 18.fxg6 hxg6 19.Qe1 Kg7 20.Nf4 e5 21.Ne2 Ng8 22.Qg3 f6
23.Nf3 Ne7 24.Nc3 Rh8 25.Rf2 Raf8 26.Nd1 Qd6 27.Ne3 Rh5 28.Raf1 Be6 29.Nc4 Bxc4
30.dxc4 Qe6 31.b3 Rhh8 32.Nh4 g5 33.Nf5+ Nxf5 34.Rxf5 Qe7 35.R5f3 Rh4 36.Qe1 Rd8
37.Rxf6 Qxf6 38.Rxf6 Kxf6 39.g3 Rh6 40.Qf2+ Ke7 41.Qf5 Rd1+ 42.Kg2 Rd2+ 43.Kg1 Rd1+  1/2-1/2

[Event "2nd Open"]
[Site "Salou ESP"]
[Date "2000.12.13"]
[Round "2"]
[White "Bauer,Ch"]
[Black "Aleksieva,S"]
[Result "1/2-1/2"]
[WhiteElo "2562"]
[BlackElo "2351"]

1.e4 c5 2.Nc3 Nc6 3.Nf3 d6 4.d4 cxd4 5.Nxd4 Nf6 6.Bg5 e6 7.Qd2 a6 8.O-O-O Nxd4
9.Qxd4 Be7 10.f4 O-O 11.Kb1 Qc7 12.Bxf6 gxf6 13.h4 Qc5 14.Qd2 Kh8 15.g4 b5
16.Bd3 Bd7 17.f5 Rg8 18.g5 b4 19.Ne2 a5 20.Rdg1 a4 21.g6 fxg6 22.fxg6 a3
23.gxh7 Kxh7 24.b3 Rxg1+ 25.Rxg1 Rc8 26.Qf4 Qe5  1/2-1/2

[Event "Open"]
[Site "Zadar CRO"]
[Date "2000.12.14"]
[Round "6"]
[White "Rezan,S"]
[Black "Gagarin,V"]
[Result "1/2-1/2"]
[WhiteElo "2307"]
[BlackElo "2395"]

1.e4 c5 2.Nf3 Nc6 3.Nc3 e5 4.Bc4 d6 5.h3 Be7 6.d3 Nf6 7.Bg5 O-O 8.Bxf6 Bxf6
9.Nd5 Be6 10.Qd2 Rb8 11.a4 Kh8 12.Nxf6 Qxf6 13.Qg5 Nd4 14.Qxf6 gxf6 15.Nxd4 cxd4
16.Bxe6 fxe6 17.c3 Rbc8 18.Kd2 dxc3+ 19.bxc3 d5 20.exd5 exd5 21.Rhb1 Rf7
22.Rb5 Rd7 23.Rab1 Rcc7 24.Re1 Kg7 25.f4 e4 26.f5 Kh6 27.Rb4 Kg5 28.Rd4 Kxf5
29.dxe4+ dxe4 30.g4+ Kg5 31.Rxe4 Kh4 32.Re3 Kg5 33.Rf3 Kg6 34.Kd3 b6 35.Rf5 h6
36.a5 bxa5 37.Rxa5 Re7 38.h4 Re1 39.Ra6 Rg1 40.Rf4 Rg3+ 41.Kd4 Rf7 42.c4 Rh3
43.c5 Rxh4 44.Kd5 Kg5 45.Raa4 f5 46.Ke6 Rf6+ 47.Ke7 Rh1 48.gxf5 Re1+ 49.Rfe4 Rxe4+
50.Rxe4 Rxf5 51.c6 h5 52.Rc4 Re5+ 53.Kd6 Re8 54.c7 h4 55.c8=Q Rxc8 56.Rxc8 Kf4
57.Kd5 h3 58.Kd4 h2 59.Rh8 Kg3 60.Ke3 Kg2 61.Rg8+ Kf1 62.Rh8 Kg2 63.Ke2 h1=Q
64.Rxh1  1/2-1/2

[Event "TCh-YUG Women"]
[Site "Kragujevac YUG"]
[Date "2000.12.16"]
[Round "6"]
[White "Bojkovic,N"]
[Black "Maksimovic,S"]
[Result "1/2-1/2"]
[WhiteElo "2420"]
[BlackElo "2315"]

1.e4 c5 2.Nc3 Nc6 3.Bb5 g6 4.Bxc6 bxc6 5.d3 Bg7 6.Nge2 d6 7.Bg5 Rb8 8.Rb1 Nf6
9.h3 O-O 10.O-O Qa5 11.Qd2 Re8 12.b3 Nd7 13.Be3 Nb6 14.Bh6 Bh8 15.Qe1 d5
16.a4 d4 17.Nd1 Qxe1 18.Rxe1 Be5 19.Nb2 Ba6 20.Rbd1 Bc7 21.Bc1 Nd7 22.g3 e5
23.Kg2 f5 24.f3 Kg7 25.Bd2 Rf8 26.exf5 gxf5 27.g4 e4 28.fxe4 fxe4 29.dxe4 Rf7
30.Ng3 Bxg3 31.Kxg3 Rbf8 32.e5 Rf3+ 33.Kg2 Rf2+ 34.Kg1 R2f3 35.e6 Rg3+ 36.Kh2 Rff3
37.Bf4 Rxh3+ 38.Kg2 Nf6 39.e7 Ne8 40.Rh1 Rxh1 41.Kxf3 Rxd1 42.Nxd1 Kf7 43.Bb8 Kxe7
44.Bxa7 Kd6 45.Nf2 Nf6 46.g5 Nd7 47.Ne4+ Kd5 48.Nf6+ Nxf6 49.gxf6 Ke6 50.Bxc5 Kxf6
51.Bxd4+ Ke6 52.Ke4 Kd6 53.b4 Kc7 54.Bf6 Be2 55.Ke3 Bg4 56.Kd3 Kb7 57.Be5 h5
58.Kc3 Be2 59.Kd2 Bc4 60.Kc3 Bf1 61.Kd4 Be2  1/2-1/2

[Event "Open"]
[Site "Zadar CRO"]
[Date "2000.12.16"]
[Round "8"]
[White "Berelovich,A"]
[Black "Gagarin,V"]
[Result "1-0"]
[WhiteElo "2517"]
[BlackElo "2395"]

1.e4 c5 2.Nc3 Nc6 3.Nge2 Nf6 4.d4 cxd4 5.Nxd4 e5 6.Ndb5 d6 7.Bg5 a6 8.Na3 b5
9.Nd5 Be7 10.Bxf6 Bxf6 11.c3 O-O 12.Nc2 Bg5 13.a4 bxa4 14.Rxa4 a5 15.Bb5 Bb7
16.O-O Ne7 17.Nce3 Bxe3 18.Nxe3 Qb6 19.Qd3 Rfd8 20.Nd5 Nxd5 21.exd5 Rdb8
22.c4 Ba6 23.Bc6 Bb7 24.Bb5 Ba6 25.Bxa6 Qxa6 26.b3 Rb4 27.Rfa1 Qb6 28.Rxb4 Qxb4
29.Ra4 Qe1+ 30.Qf1 Qc3 31.b4 g6 32.h3 Kg7 33.Qe2 h5 34.Kh2 Kg8 35.Qa2 Rb8
36.bxa5 Rb2 37.Qa3 Rb3 38.Qa1 Qxa1 39.Rxa1 Rb7 40.Kg3 Kf8 41.a6 Ra7 42.f4 f6
43.fxe5 fxe5 44.Kf3 Ke7 45.Ke4 Kd7 46.c5 Kc7 47.cxd6+ Kxd6 48.h4  1-0

[Event "Czech Extra League 2000-1"]
[Site "CZE"]
[Date "2000.12.17"]
[Round "3"]
[White "Votava,J"]
[Black "Mikhaletz,L"]
[Result "1/2-1/2"]
[WhiteElo "2506"]
[BlackElo "2479"]

1.e4 c5 2.Nf3 Nc6 3.Nc3 e5 4.Bc4 d6 5.d3 Be7 6.Nd2 Nf6 7.Nf1 O-O 8.Ne3 a6
9.a4 Nb4 10.O-O Be6 11.Re1 Rb8 12.Bd2 b6 13.Nb1 Bxc4 14.Nxc4 Nc6 15.Nc3 b5
16.axb5 axb5 17.Ne3 b4 18.Ncd5 Nxd5 19.Nxd5 Bg5 20.Ra6 Bxd2 21.Qxd2 Ne7 22.Ne3 Ra8
23.Rea1 Rxa6 24.Rxa6 d5 25.exd5 Nxd5 26.Nxd5 Qxd5 27.Qe3 h6 28.h3 c4 29.Qe4 Qxe4
30.dxe4 Rd8 31.Rc6 Rd1+ 32.Kh2 Rb1  1/2-1/2

[Event "52nd ch-Montenegro"]
[Site "Tivat YUG"]
[Date "2000.12.17"]
[Round "9"]
[White "Kontic,D"]
[Black "Batricevic,S"]
[Result "1-0"]
[WhiteElo "2361"]
[BlackElo "2215"]

1.e4 c5 2.Nc3 Nc6 3.Nge2 e5 4.Nd5 g6 5.Nec3 a6 6.a4 Bg7 7.Bc4 Nge7 8.d3 h6
9.Qf3 Nxd5 10.Nxd5 O-O 11.c3 d6 12.h4 Be6 13.h5 g5 14.Ne3 Qf6 15.Qg3 Qf4
16.a5 Qxg3 17.fxg3 Ne7 18.g4 Rad8 19.Nf5 Rfe8 20.Be3 Bxf5 21.gxf5 d5 22.Ba2 d4
23.Bg1 dxc3 24.bxc3 Rxd3 25.Rh3 Rd7 26.Bxc5 Rc8 27.Bb6 Bf8 28.Rd1 Rxd1+ 29.Kxd1 Kg7
30.f6+ Kxf6 31.Rf3+ Kg7 32.Rxf7+ Kh8 33.Be6 Ra8 34.Bc5 Re8 35.Ke2 g4 36.Bd7 Rd8
37.Bxe7 Rxd7 38.Bf6+  1-0

[Event "52nd ch-Montenegro"]
[Site "Tivat YUG"]
[Date "2000.12.17"]
[Round "9"]
[White "Benderac,S"]
[Black "Popadic,D"]
[Result "1/2-1/2"]
[WhiteElo "2351"]
[BlackElo "2178"]

1.e4 c5 2.Nf3 Nc6 3.Nc3 Nf6 4.d4 cxd4 5.Nxd4 e5 6.Ndb5 d6 7.Nd5 Nxd5 8.exd5 Nb8
9.c4 a6 10.Nc3 Be7 11.Be2 O-O 12.O-O  1/2-1/2

[Event "XIII Carlos Torre Open"]
[Site "Merida MEX"]
[Date "2000.12.18"]
[Round "5"]
[White "Mitkov,N"]
[Black "Garmendez Gonzalez,C"]
[Result "1-0"]
[WhiteElo "2532"]
[BlackElo "2224"]

1.e4 c5 2.Nc3 Nc6 3.Nf3 d6 4.d4 cxd4 5.Nxd4 Bd7 6.Bc4 Nf6 7.Bb3 a6 8.O-O e6
9.f4 Be7 10.Be3 Qc7 11.f5 Nxd4 12.Qxd4 O-O 13.fxe6 fxe6 14.Kh1 Kh8 15.Bg5 h6
16.Bh4 Qa5 17.Bxf6 Rxf6 18.Rxf6 gxf6 19.Rf1 Qc5 20.Qd3 Rg8 21.Qf3 Qe5 22.Ne2 Bb5
23.Re1 Bc6 24.Qh3 Qxe4 25.Qxh6+ Qh7 26.Qxh7+ Kxh7 27.Ng3 Bd8 28.Rxe6 Re8
29.Rxe8 Bxe8 30.Bd5 b5 31.Be4+ Kg8 32.Nf5 Bf7 33.a3 Be6 34.Nd4 Bd7 35.c3 Bb6
36.g3 Kf8 37.Kg2 a5 38.b4 axb4 39.axb4 Be8 40.Kf3 Bh5+ 41.Kf4 Be8 42.Kf5 Ke7
43.h4 d5 44.Bxd5 Bd7+ 45.Kg6 Bc7 46.Bc6 Bg4 47.h5 Bxg3 48.h6  1-0

[Event "XIII Carlos Torre Open"]
[Site "Merida MEX"]
[Date "2000.12.19"]
[Round "6"]
[White "Hernandez,Gi"]
[Black "Kudrin,S"]
[Result "1-0"]
[WhiteElo "2572"]
[BlackElo "2514"]

1.e4 c5 2.Nc3 Nc6 3.Bb5 Nd4 4.Bc4 g6 5.Nf3 Bg7 6.Nxd4 cxd4 7.Qf3 Nh6 8.d3 O-O
9.Ne2 Ng4 10.Bb3 d6 11.O-O Ne5 12.Qg3 Nd7 13.Qh4 Bf6 14.Bg5 Bxg5 15.Qxg5 e5
16.Qh6 Nf6 17.c3 dxc3 18.Nxc3 Be6 19.Bxe6 fxe6 20.Qh3 Re8 21.Qe3 Ng4 22.Qf3 Nf6
23.Rad1 d5 24.Qg3 d4 25.Nb5 a6 26.Na3 Qb8 27.Qg5 Nd7 28.Rc1 b5 29.h4 Qd6
30.Nc2 Kg7 31.Ne1 h6 32.Qd2 Rac8 33.Nf3 Nf6 34.Rc2 Rc5 35.Rxc5 Qxc5 36.Rc1 Qd6
37.Qc2 Ng8 38.Qc7+ Qxc7 39.Rxc7+ Kf6 40.Kf1 a5 41.Ke2 Re7 42.Rc8 Rg7 43.Rc6 Rb7
44.Nd2 a4 45.Nb1 b4 46.Nd2 a3 47.b3 h5 48.Nf3 Ke7 49.Ne1 Nf6 50.Nc2 Ne8 51.Kd2 Nd6
52.Rc5 Rb5 53.Rc7+ Kf6 54.Ra7 Nc8 55.Ra4 g5 56.hxg5+ Kxg5 57.Rxb4 Rxb4 58.Nxb4 Nd6
59.Kc2 Nb5 60.Nc6 Nc3 61.Nxe5 Nxa2 62.Nc6 Kf6 63.f4 Nc3 64.Nxd4 a2 65.Kb2 e5  1-0